000 00570nam a22002177a 4500
001 00028859
005 20260423163151.0
008 260423b ag ||||| |||| 00| 0 spa d
020 _a8441308950
040 _aAR-CcCEOS
_bspa
_cAR-CcCEOS
041 _aspa
080 _a94(6)
090 _bCAB v.2
100 1 _aCable, Mary
_91108
245 _aLos reyes africanos :
_bVolumen II /
_cMary Cable
264 _aBarcelona :
_bFolio,
_c1998.
300 _a176 p. ;
_c30x28 cm.
490 _vAtlas culturales del mundo
655 0 _aarte
_9138
942 _2udc
_cBK
_n0
999 _c28901
_d28901